[Event "Maringa op 1st"]
[Site "Maringa"]
[Date "2024.07.27"]
[Round "2"]
[White "Da Silva, Graziele Berbet"]
[Black "Czaikowski, Iarena Katerenhuk"]
[Result "1-0"]
[WhiteElo "1800"]
[BlackElo "1800"]
[PlyCount "151"]
[EventDate "2024.07.26"]
[EventType "swiss"]
[EventRounds "6"]
[EventCountry "BRA"]
[SourceTitle "CB32_2024"]
[SourceDate "2024.08.08"]
[SourceVersion "1"]
[SourceVersionDate "2024.08.08"]
[SourceQuality "1"]

1. e4 c5 2. Nf3 g6 3. Bc4 Nf6 4. e5 Ng8 5. c3 Bg7 6. d4 d6 7. exd6 exd6 8. dxc5 Qe7+ 9. Qe2 Be6 10. cxd6 Qxd6 11. Bxe6 fxe6 12. Be3 a6 13. 0-0 h5 14. Rd1 Qe7 15. h3 Nc6 16. Nd4 Nxd4 17. Bxd4 Bxd4 18. cxd4 Nf6 19. Re1 Rd8 20. Qxe6 Qxe6 21. Rxe6+ Kf7 22. Rb6 Rhe8 23. Rxb7+ Ke6 24. Rb6+ Kf7 25. Rxa6 Re1+ 26. Kh2 Rxd4 27. b3 Rdd1 28. f3 Rh1+ 29. Kg3 Rhe1 30. a4 Rd4 31. Rb6 Re5 32. Nc3 Rg5+ 33. Kh2 Rd2 34. Rg1 Rd3 35. Rxf6+ Kxf6 36. Ne4+ Kf5 37. Nxg5 Kxg5 38. b4 Ra3 39. a5 Ra4 40. Rb1 Ra3 41. b5 Rxa5 42. b6 Ra8 43. b7 Rb8 44. Rb6 h4 45. g3 hxg3+ 46. Kxg3 Kh6 47. Kg4 Kh7 48. h4 Kg7 49. f4 Kf7 50. Kg5 Kg7 51. Rxg6+ Kf7 52. Rb6 Ke7 53. h5 Kd7 54. f5 Kc7 55. Rb1 Rg8+ 56. Kf6 Rf8+ 57. Kg6 Rg8+ 58. Kf7 Rb8 59. h6 Kc6 60. h7 Kc7 61. h8Q Rxh8 62. b8Q+ Rxb8 63. Rxb8 Kxb8 64. f6 Kc8 65. Ke7 Kc7 66. f7 Kc6 67. f8Q Kd5 68. Qf5+ Kc4 69. Qd7 Kc3 70. Ke6 Kc2 71. Ke5 Kb3 72. Qc6 Kb2 73. Kd4 Ka1 74. Qb5 Ka2 75. Kc3 Ka1 76. Qb2# 1-0

[Event "Maringa op 1st"]
[Site "Maringa"]
[Date "2024.07.26"]
[Round "1"]
[White "Da Costa Filho, Mauro Cezar Pedro"]
[Black "Czaikowski, Iarena Katerenhuk"]
[Result "1-0"]
[WhiteElo "1800"]
[BlackElo "1800"]
[PlyCount "89"]
[EventDate "2024.07.26"]
[EventType "swiss"]
[EventRounds "6"]
[EventCountry "BRA"]
[SourceTitle "CB32_2024"]
[SourceDate "2024.08.08"]
[SourceVersion "1"]
[SourceVersionDate "2024.08.08"]
[SourceQuality "1"]

1. e4 e5 2. Nf3 Nc6 3. Bc4 Nf6 4. d3 Bb4+ 5. c3 Be7 6. Nbd2 0-0 7. 0-0 d6 8. Re1 Bg4 9. Nf1 Bxf3 10. Qxf3 a6 11. Bb3 b5 12. Ne3 Rb8 13. Nf5 a5 14. Bh6 Ne8 15. Qg4 Bf6 16. Bd2 b4 17. Nh6+ Kh8 18. Nxf7+ Rxf7 19. Bxf7 Qe7 20. Bd5 Rb6 21. Bxc6 Rxc6 22. cxb4 axb4 23. Bxb4 Rb6 24. Bc3 Rc6 25. a4 g6 26. a5 Ra6 27. b4 c6 28. Qc8 Qa7 29. Qxe8+ Kg7 30. Kf1 Qe7 31. Qxe7+ Bxe7 32. f4 Kf8 33. fxe5 dxe5 34. Bxe5 Bxb4 35. Reb1 Be7 36. Rb6 Ra7 37. a6 Bc5 38. Rb8+ Kf7 39. Rb7+ Rxb7 40. axb7 Ke6 41. b8Q Kf7 42. d4 Be7 43. Ke2 h6 44. Rf1+ Ke6 45. Qc8# 1-0